| 000 | 02435nam a2200385 i 4500 | ||
|---|---|---|---|
| 001 | 000005195 | ||
| 003 | OSt | ||
| 005 | 20260310135007.0 | ||
| 007 | ta | ||
| 008 | 090814s2004 dr ac 001 0 spa d | ||
| 020 | _a9993448133 | ||
| 040 |
_aDO-SdBNP _bspa _cBNPHU _erda |
||
| 041 | _aspa | ||
| 082 | 4 |
_a342.729302 _bC758m _222 |
|
| 245 | 0 | 0 |
_aConstitución de 1963, 40 años después : _bvivencias y perspectivas / _cedición, Aura Celeste Fernández R. ... [y otros] ; prólogo, Jorge Nef. |
| 250 | _aPrimera edición | ||
| 264 |
_aSanto Domingo, República Dominicana : _bUNIBE, _c©2004. |
||
| 300 |
_axli, 230 páginas : _bilustraciones, retratos ; _c22 cm. |
||
| 336 |
_atexto _btxt _2rdacontent |
||
| 337 |
_asin mediación _bn _2rdamedia |
||
| 338 |
_avolumen _bnc _2rdacarrier |
||
| 500 | _aPonencias del panel realizado en UNIBE el 29 de abril de 2003. | ||
| 504 | _aIncluye bibliografía y notas al pie de páginas. | ||
| 504 | _aBibliografía: páginas 39-41. | ||
| 505 | 0 |
_gPresentación / _rAura Celeste Fernández R. -- _gPrólogo / _rJorge Nef. -- _tPalabras de bienvenida al panel / _rGustavo Batista Vergas; Diomedes Núñez Polanco; Aura Celeste Fernández R.; Guillermo Moreno -- _tLos derechos sociales en la Constitución de 1963 / _rRafael f. Albuquerque -- _tLa Constitución de 1963 y sus antecedentes / _rLuis Gómez Pérez -- _tDerechos humanos en la Constitución de 1963 / _rCesar Pina Toribio -- _tFactores que incidieron en formación de la Constitución de 1963 / _rFlavio Darío Espinal Jacobo -- _tTrascendencia histórica de la Constitución de 1963: insinuaciones para la renovación democrática y popular dominicana / _rJosé Antínoe Fiallo Billini -- _tImpacto de la Constitución de 1963 en la prensa / _rRafael Molina Morillo -- _tEl legado de la Constitución de 1963 a la reforma constitucional pendiente / _rLeyda Margarita Piña -- _gPalabras de cierre del evento / _rDaniel Beltré -- _gAnexos. |
|
| 590 | _aInventariado,2019/VM | ||
| 651 | 1 | 4 |
_aREPÚBLICA DOMINICANA _xCONSTITUCIÓN 1963 _9448 |
| 651 | 1 | 4 |
_aREPÚBLICA DOMINICANA _xDERECHO CONSTITUCIONAL _xENSAYOS, CONFERENCIAS, ETC. _914860 |
| 700 | 1 |
_aFernández Rodríguez, Aura Celeste, _d1959- _976547 |
|
| 700 | 1 |
_aNef, Jorge, _eprologuista _914862 _4pr |
|
| 710 | 1 |
_aUniversidad Iberoamericana (República Dominicana) _910124 |
|
| 710 | 2 |
_a Fundación Juan Bosch _984953 |
|
| 910 | _aValidado. Control de calidad EMS | ||
| 942 |
_2ddc _cLBS1 |
||
| 999 |
_c4997 _d4997 |
||